| 000 | 00496nam a22001817a 4500 | ||
|---|---|---|---|
| 003 | CEME | ||
| 005 | 20210628202828.0 | ||
| 008 | 210125b xxu||||| |||| 00| 0 eng d | ||
| 020 | _a0-470-84417-5 | ||
| 040 | _c. | ||
| 082 | _a621.382 LIU | ||
| 100 |
_aLiu, Kevin .H _961826 |
||
| 245 | _aIp over wdm | ||
| 260 |
_aNEW DELHI _bJOHN WILEY _c2002 |
||
| 300 | _aXXV,390 P | ||
| 650 |
_aWAVELENGTH DIVISION MULTIPLEXING, TCP/IP -COMPUTER NETWORK PROTOCOL, FIBER OPTICS _961827 |
||
| 942 |
_cBK _2ddc |
||
| 999 |
_c571145 _d571145 |
||